Compendio de derecho constitucional /
Guardado en:
| Autor Principal: | |
|---|---|
| Formato: | Libro |
| Idioma: | Spanish |
| Publicado: |
Buenos Aires :
Ediar,
2004
|
| Edición: | 1a. ed. |
| Materias: | |
| Etiquetas: |
Agregar Etiqueta
Sin Etiquetas, Sea el primero en etiquetar este registro!
|
| LEADER | 00721nam a22002055a 4500 | ||
|---|---|---|---|
| 001 | DER.der000063 | ||
| 008 | 180615s2004####ag#||||||||||||||#||spa|| | ||
| 005 | 20251226114559.0 | ||
| 245 | 1 | 0 | |a Compendio de derecho constitucional / |c Germán J. Bidart Campos |
| 250 | |a 1a. ed. | ||
| 260 | |a Buenos Aires : |b Ediar, |c 2004 | ||
| 300 | |a 462 p. | ||
| 020 | |a 9505741626 | ||
| 100 | 1 | |a Bidart Campos, Germán J. | |
| 650 | 7 | |a DERECHO CONSTITUCIONAL | |
| 859 | |a DERECHO |b BIB. DERECHO |h 342.02 |i BID |p 000894 | ||
| 859 | |a DERECHO |b BIB. DERECHO |h 342.02 |i BID |p 000895 |t 1 | ||
| 859 | |a DERECHO |b BIB. DERECHO |h 342.02 |i BID |p 000896 |t 2 | ||
| 859 | |a DERECHO |b BIB. DERECHO |h 342.02 |i BID |p 000935 |t 3 | ||
| 859 | |a DERECHO |b BIB. DERECHO |h 342.02 |i BID |p 000936 |t 4 | ||
